| 000 | 00534nam a2200181Ia 4500 | ||
|---|---|---|---|
| 008 | 151018s9999 xx 000 0 und d | ||
| 082 |
_bRBASDV21486 _a528 |
||
| 100 | _aश्री द अवचट | ||
| 245 | _aकालमापन | ||
| 250 | _b1 | ||
| 260 |
_bसौभाग्य प्रकाशन पुणे _c1987 |
||
| 300 | _a78 | ||
| 600 | _aश्री द अवचट | ||
| 630 | _aकालमापन | ||
| 700 | _aश्री द अवचट | ||
| 730 | _aकालमापन | ||
| 942 | _cBOOK | ||
| 999 |
_c1021166 _d1021163 |
||